Personnalités dont le nom est une ville - Statistiques

Statistiques générales
  • Ce quiz a été pris 286 fois
  • Le résultat moyen est 4 sur 12
Statistiques - réponses
Indice Réponse % Correct
Animateur de télévision passionné par les familles royales et le patrimoine français. Stéphane Bern
96%
Révolutionnaire américain et premier président des États-Unis. George Washington
86%
Chanteuse états-unienne notamment connue pour sa reprise d'I Will Always Love You. Whitney Houston
52%
Chanteur français à qui l'on doit Une chanson douce, Le lion est mort ce soir, Maladie d'amour, Le travail c'est la santé, Syracuse ou encore Jardin d'hiver. Henri Salvador
46%
Tenniswoman japonaise ayant 4 titres de Grand Chelem à son actif. Naomi Osaka
42%
Militante socialiste et communiste, théoricienne marxiste ayant fondé le Parti communiste d'Allemagne. Rosa Luxemburg
22%
Réalisateur états-unien d'origine grecque à l'origine de films tels que Sur les quais, Un tramway nommé désir, À l'Est d'Eden ou Le Mur invisible. Elia Kazan
13%
Journaliste, reporter et grand écrivain français ayant été un célèbre commentateur du Tour de France. Albert Londres
10%
Auteur-compositeur-interprète français de musique de variétés à influence rock, folk et jazz, concepteur d'Elle m'a dit. Cali
7%
Navigateur britannique renommé pour son exploration de la côte Ouest des États-Unis et du Canada. George Vancouver
7%
Premier président états-unien à avoir exercé deux mandats non consécutifs entre 1885 et 1897. Grover Cleveland
7%
Surfeur brésilien médaillé de bronze aux JO de Paris en 2024 dont une photo est devenue virale sur Internet. Gabriel Medina
3%
Aucun quiz correspondant
Distribution des résultats
% des personnes avec chaque résultat
Percentile par nombre de réponses
Votre historique - résultats
Vous n’avez pas pris ce quiz